<?xml version="1.0" encoding="UTF-8"?><?xml-stylesheet type="text/xsl" href="static/style.xsl"?><OAI-PMH xmlns="http://www.openarchives.org/OAI/2.0/" xmlns:xsi="http://www.w3.org/2001/XMLSchema-instance" xsi:schemaLocation="http://www.openarchives.org/OAI/2.0/ http://www.openarchives.org/OAI/2.0/OAI-PMH.xsd"><responseDate>2026-04-17T00:57:50Z</responseDate><request verb="GetRecord" identifier="oai:www.recercat.cat:10459.1/467592" metadataPrefix="marc">https://recercat.cat/oai/request</request><GetRecord><record><header><identifier>oai:recercat.cat:10459.1/467592</identifier><datestamp>2025-11-10T19:24:20Z</datestamp><setSpec>com_2072_3622</setSpec><setSpec>col_2072_479130</setSpec></header><metadata><record xmlns="http://www.loc.gov/MARC21/slim" xmlns:dcterms="http://purl.org/dc/terms/" xmlns:xsi="http://www.w3.org/2001/XMLSchema-instance" xmlns:doc="http://www.lyncode.com/xoai" xsi:schemaLocation="http://www.loc.gov/MARC21/slim http://www.loc.gov/standards/marcxml/schema/MARC21slim.xsd">
   <leader>00925njm 22002777a 4500</leader>
   <datafield ind2=" " ind1=" " tag="042">
      <subfield code="a">dc</subfield>
   </datafield>
   <datafield ind2=" " ind1=" " tag="720">
      <subfield code="a">Mas Craviotto, Adrià</subfield>
      <subfield code="e">author</subfield>
   </datafield>
   <datafield ind2=" " ind1=" " tag="260">
      <subfield code="c">2025-02-25T11:50:23Z</subfield>
   </datafield>
   <datafield ind2=" " ind1=" " tag="260">
      <subfield code="c">2025-10-26T23:05:19Z</subfield>
   </datafield>
   <datafield ind2=" " ind1=" " tag="260">
      <subfield code="c">2024-10-25</subfield>
   </datafield>
   <datafield ind2=" " ind1=" " tag="520">
      <subfield code="a">Aquesta tesi té per objecte l'estudi de diverses facetes de les economies i les polítiques frumentàries a la ciutat de Manresa entre principis del segle XIV i l'inici de la guerra civil catalana.  En el primer bloc, de caràcter introductori, s'analitza l'evolució de la demografia de la ciutat als segles XIV-XV, la seva consolidació com a capital regional  i el desenvolupament politicoinstitucional del  municipi manresà.  A la segona part s'estudien algunes de les principals vies de l'abastament frumentari de Manresa, en especial la comercialització de l'ordi procedent dels arrendaments dels delmes i d'altres rendes agràries percebudes al Bages i les importacions de forment organitzades pel municipi en temps de carestia.  A la tercera part es reconstrueixen els circuits intraurbans de comercialització i transformació dels cereals, s'identifiquen els espais i les infraestructures d'emmagatzematge, transformació i venda de blat, farina i pa, i s'analitza la intervenció municipal i el rol dels diversos actors econòmics implicats en aquests processos. La quarta part està dedicada a la reconstrucció de la cronologia i a la discussió de les causes de les crisis frumentàries que patí la ciutat entre 1300 i 1462 i a les mesures desplegades pel municipi a fi de garantir l'abastament cerealista i conjurar la carestia de la ciutat.</subfield>
   </datafield>
   <datafield ind2=" " ind1=" " tag="520">
      <subfield code="a">Esta tesis tiene por objeto el estudio de varias facetas de las economías y políticas del grano en la ciudad de Manresa entre principios del siglo XIV y los inicios de la guerra civil catalana. En el primer bloque, de carácter introductorio, se analiza la evolución de la demografía de la ciudad en los siglos XIV-XV, su consolidación como capital regional y el desarrollo político-institucional del municipio manresano. En la segunda parte se estudian algunas de las principales vías de abastecimiento cerealista de Manresa, en especial la comercialización de la cebada procedente de los arrendamientos de los diezmos y otras rentas agrarias percibidas en el Bages y las importaciones de trigo organizadas por el municipio en tiempos de carestía. En la tercera parte se reconstruyen los circuitos intraurbanos de comercialización y transformación de los cereales, se identifican los espacios e infraestructuras de almacenamiento, transformación y venta de trigo, harina y pan, y se analiza la intervención municipal y el papel de los diferentes actores económicos implicados en estos procesos. La cuarta parte está dedicada a la reconstrucción de la cronologia y a la discusión de las causas de las crisis cerealistas que sufrió la ciudad entre 1300 y 1462 y a las medidas desplegadas por el municipio a fin de garantizar el abastecimiento de grano y conjurar la carestía de la ciudad.</subfield>
   </datafield>
   <datafield ind2=" " ind1=" " tag="520">
      <subfield code="a">This thesis aims to study various aspects of the grain economies and policies in the city of Manresa between the early 14th century and the onset of the Catalan Civil War. The first section, introductory in nature, analyses the demographic evolution of the city during the 14th and 15th centuries, its consolidation as a regional capital, and the political-institutional development of the Manresa municipality. The second part examines some of the main grain supply routes for Manresa, particularly the commercialization of barley from the leases of tithes and other agrarian rents collected in Bages, as well as wheat imports organized by the municipality during times of scarcity. In the third part, the intra-urban circuits for the commercialization and transformation of cereals are reconstructed, identifying the spaces and infrastructures for the storage, processing, and sale of wheat, flour, and bread, and analysing municipal intervention and the roles of the various economic actors involved in these processes. The fourth part is dedicated to reconstructing the chronology and discussing the causes of the grain crises the city faced between 1300 and 1462, as well as the measures implemented by the municipality to ensure grain supply and mitigate the city's scarcity.</subfield>
   </datafield>
   <datafield tag="653" ind2=" " ind1=" ">
      <subfield code="a">Abastament</subfield>
   </datafield>
   <datafield tag="653" ind2=" " ind1=" ">
      <subfield code="a">Crisis cerealistes</subfield>
   </datafield>
   <datafield tag="653" ind2=" " ind1=" ">
      <subfield code="a">Manresa</subfield>
   </datafield>
   <datafield tag="653" ind2=" " ind1=" ">
      <subfield code="a">Abastecimiento</subfield>
   </datafield>
   <datafield tag="653" ind2=" " ind1=" ">
      <subfield code="a">Crisis cerealistas</subfield>
   </datafield>
   <datafield tag="653" ind2=" " ind1=" ">
      <subfield code="a">Manresa</subfield>
   </datafield>
   <datafield tag="653" ind2=" " ind1=" ">
      <subfield code="a">Food supply</subfield>
   </datafield>
   <datafield tag="653" ind2=" " ind1=" ">
      <subfield code="a">Grain crises</subfield>
   </datafield>
   <datafield tag="653" ind2=" " ind1=" ">
      <subfield code="a">Manresa</subfield>
   </datafield>
   <datafield tag="653" ind2=" " ind1=" ">
      <subfield code="a">Història Medieval</subfield>
   </datafield>
   <datafield tag="653" ind2=" " ind1=" ">
      <subfield code="a">93</subfield>
   </datafield>
   <datafield ind2="0" ind1="0" tag="245">
      <subfield code="a">“Per haver forniment de blat en la dita ciutat” Abastament, comercialització, crisis i polítiques cerealistes a Manresa: 1300-1462</subfield>
   </datafield>
</record></metadata></record></GetRecord></OAI-PMH>